Σχεδιάζοντας μια φανταστική οικογένεια...
Αποθηκεύτηκε σε:
| Κύριος συγγραφέας: | |
|---|---|
| Μορφή: | Βιβλίο |
| Γλώσσα: | Greek |
| Δημοσίευση: |
[Αθήνα] :
Ατραπός,
[c2007]
|
| Σειρά: | Δημιουργικότητα ;
; 2 |
| Θέματα: | |
| Ετικέτες: |
Προσθήκη ετικέτας
Δεν υπάρχουν, Καταχωρήστε ετικέτα πρώτοι!
|
MARC
| LEADER | 00000cam a2200000 i 4500 | ||
|---|---|---|---|
| 001 | 1/3315 | ||
| 008 | 100118s2007 gre d | ||
| 020 | |a 978-960-9541-76-3 (set) | ||
| 020 | |a 978-960-9539-07-4 | ||
| 020 | |a 978-960-459-012-4 | ||
| 035 | |l 10106332 | ||
| 040 | |a GR-MY-UA |b gre |e aacr | ||
| 041 | 0 | |a gre | |
| 082 | 0 | |a 616.8916 |2 (22) | |
| 100 | 1 | |a Ξανθάκου, Γιώτα Π. | |
| 245 | 1 | 0 | |a Σχεδιάζοντας μια φανταστική οικογένεια... / |c Γιώτα Ξανθάκου |
| 260 | |a [Αθήνα] : |b Ατραπός, |c [c2007] | ||
| 300 | |a 170 σ.; |c 24 εκ. | ||
| 490 | 1 | |a Δημιουργικότητα |v ; 2 | |
| 500 | |a Το τέταρτο και πέμπτο αντίτυπο της Ρόδου έχουν εκδοθεί από τις εκδόσεις Διάδραση το 2011 | ||
| 650 | 0 | 0 | |a Drawing, Psychology of. |
| 650 | 0 | 0 | |a Children's drawings |x Psychological aspects. |
| 650 | 0 | 0 | |a Object relations (Psychoanalysis) |
| 650 | 0 | 0 | |a Drawing ability in children. |
| 830 | 0 | |a Δημιουργικότητα ; |v ; 2 | |
| 852 | |a INST |b RHODES |e 20100118 |h 616.8916 ΞΑΝ |p 005400032320 |q 005400032320 |t BK |y 0 | ||
| 852 | |a INST |b RHODES |e 20100226 |h 616.8916 ΞΑΝ |p 005400032542 |q 005400032542 |t BK |y 0 | ||
| 852 | |a INST |b RHODES |e 20100226 |h 616.8916 ΞΑΝ |p 005400032543 |q 005400032543 |t BK |y 0 | ||
| 852 | |a INST |b RHODES |c EUDOXUS |e 20130423 |h 616.8916 ΞΑΝ |p 005400035134 |q 005400035134 |t EDX |y 0 | ||
| 852 | |a INST |b RHODES |c EUDOXUS |e 20130514 |h 616.8916 ΞΑΝ |p 005400035168 |q 005400035168 |t EDX |y 0 | ||
| 901 | |a BIBL4-2010-1 | ||
| 901 | |a BIBL4-2013-1 | ||
| 901 | |a BIBL4-2013-2 | ||
| 909 | |a Ρ |b 159554 | ||
| 909 | |a Ρ |b 159763 | ||
| 909 | |a Ρ |b 159764 | ||
| 909 | |a Ρ |b 176663 | ||
| 909 | |a Ρ |b 176697 | ||
| 920 | |a ΕΥΔΟΞΟΣ |b ΕΠΙΣΤΡΟΦΗ |y ΡΟΔΟΣ |z 2013-04 | ||
| 920 | |a ΕΥΔΟΞΟΣ |b ΠΑΡΑΓΓΕΛΙΑ |y ΡΟΔΟΣ-ΤΕΠΑΕΣ |z 2013-04 | ||
| 970 | |a ΚΟΖΑ |b ΜΑΡΙΑ |z 2010/01/18 | ||